[Event "30th olm final"]
[Site "Manila"]
[Date "1992.06.09"]
[Round "2.1"]
[White "Mortensen, Erling"]
[Black "Ftacnik, Lubomir"]
[Result "1/2-1/2"]
[WhiteElo "2430"]
[BlackElo "2550"]
[EventDate "1992.06.08"]
[WhiteTeam "Denmark"]
[BlackTeam "Czecho-Slovakia"]
[PlyCount "92"]

1.e4 c5 2.Nf3 d6 3.d4 cxd4 4.Nxd4 Nf6 5.Nc3 a6 6.f4 e6 7.Qf3 Qb6 8.Nb3 Qc7
9.Bd3 b5 10.O-O Bb7 11.g4 b4 12.Ne2 d5 13.e5 Ne4 14.Be3 Nd7 15.Ng3 Nxg3
16.Qxg3 g6 17.Bd4 a5 18.Rac1 a4 19.Nd2 Bc5 20.Nf3 Ba6 21.Kh1 Qb6 22.Qf2 h5
23.f5 hxg4 24.fxe6 fxe6 25.Bxc5 Nxc5 26.Ng5 g3 27.Qxg3 Nxd3 28.cxd3 Ra7
29.Rf6 Re7 30.Qf4 Kd7 31.d4 Rc8 32.Rxc8 Bxc8 33.Rxg6 Qb5 34.Rg8 Qd3 35.Qc1
Ba6 36.Ra8 Bc4 37.Qf4 Kc6 38.Qf6 Qd1+ 39.Kg2 Qg4+ 40.Kf2 Qxd4+ 41.Kf3 Qd1+
42.Kf4 Qc1+ 43.Kf3 Qh1+ 44.Kg3 Qg1+ 45.Kf3 Qf1+ 46.Kg3 Qg1+ 1/2-1/2

[Event "30th olm final"]
[Site "Manila"]
[Date "1992.06.09"]
[Round "2.4"]
[White "Meduna, Eduard"]
[Black "Rasmussen, Karsten"]
[Result "0-1"]
[WhiteElo "2500"]
[BlackElo "2450"]
[EventDate "1992.06.08"]
[WhiteTeam "Czecho-Slovakia"]
[BlackTeam "Denmark"]
[PlyCount "110"]

1.d4 d5 2.Nf3 c6 3.e3 Bf5 4.c4 e6 5.Nc3 Nd7 6.Qb3 Qb6 7.c5 Qc7 8.Nh4 Bg4
9.h3 Bh5 10.g4 Be7 11.Nf5 exf5 12.gxh5 Ngf6 13.Be2 Ne4 14.Nxe4 fxe4 15.Bd2
O-O 16.O-O-O b6 17.cxb6 axb6 18.Kb1 Ra7 19.Bb4 c5 20.dxc5 bxc5 21.Bc3 Nf6
22.Rxd5 Rb8 23.Qc4 Nxd5 24.Qxd5 Qb6 25.Qxe4 Bf6 26.Qc4 Qxb2+ 27.Bxb2 Rxb2+
28.Kc1 Raxa2 29.Qxa2 Rxa2 30.Bf3 Rxf2 31.Bd5 Rf5 32.e4 Rxh5 33.Kc2 g6 34.
Rf1 Kg7 35.Rf3 Re5 36.Rb3 Re7 37.Kd3 Bd4 38.Rb7 Rxb7 39.Bxb7 Kf6 40.Bd5
Ke7 41.Bb3 f6 42.Ke2 Kd6 43.Bg8 h6 44.Ba2 Ke5 45.Kf3 Bb2 46.Bf7 g5 47.Ke3
Bc1+ 48.Kd3 Kf4 49.Be6 h5 50.Bf7 g4 51.hxg4 hxg4 52.Bd5 g3 53.Ke2 Be3 54.
Kf1 Ke5 55.Kg2 Bf2 0-1

[Event "30th olm final"]
[Site "Manila"]
[Date "1992.06.11"]
[Round "4.2"]
[White "Hoi, Carsten"]
[Black "Urday Caceres, Henry"]
[Result "1/2-1/2"]
[WhiteElo "2430"]
[BlackElo "2480"]
[EventDate "1992.06.08"]
[WhiteTeam "Denmark"]
[BlackTeam "Peru"]
[PlyCount "50"]

1.d4 Nf6 2.c4 e6 3.Nc3 Bb4 4.e3 c5 5.Bd3 O-O 6.Ne2 d5 7.cxd5 exd5 8.a3
cxd4 9.axb4 dxc3 10.Nxc3 Re8 11.O-O Qd6 12.Nb5 Qb6 13.Bd2 Bd7 14.Nd4 Nc6
15.Nxc6 Bxc6 16.Bc3 Ne4 17.Bd4 Qxb4 18.Qh5 Bb5 19.Qg4 Nf6 20.Qe2 Bxd3 21.
Qxd3 Re6 22.Rfc1 a6 23.Rc2 Qd6 24.Bxf6 Rxf6 25.Rd1 Re6 1/2-1/2

[Event "30th olm final"]
[Site "Manila"]
[Date "1992.06.11"]
[Round "4.3"]
[White "Reyes, Juan"]
[Black "Danielsen, Henrik"]
[Result "1-0"]
[WhiteElo "2415"]
[BlackElo "2390"]
[EventDate "1992.06.08"]
[WhiteTeam "Peru"]
[BlackTeam "Denmark"]
[PlyCount "95"]

1.e4 c6 2.d4 d5 3.Nc3 dxe4 4.Nxe4 Bf5 5.Nc5 Qc7 6.Bd3 Bxd3 7.Nxd3 e6 8.Nf3
Nf6 9.O-O Nbd7 10.c4 Be7 11.Re1 O-O 12.Qe2 Rad8 13.b3 Rfe8 14.Bg5 c5 15.
dxc5 Nxc5 16.Nxc5 Bxc5 17.Qb2 Be7 18.Rac1 Ng4 19.Bxe7 Rxe7 20.h3 Nf6 21.
Qa3 a6 22.c5 Red7 23.c6 Rd5 24.cxb7 Qxb7 25.Qa4 a5 26.Qc6 Qb4 27.Rc4 Qa3
28.Ra4 Qe7 29.Re5 Rd1+ 30.Kh2 Qa7 31.Rc5 R1d5 32.Rd4 h6 33.Rdxd5 Nxd5 34.
Qb5 Ra8 35.a3 Qe7 36.Qc4 g6 37.g3 Qf6 38.Kg2 Qb2 39.Rc8+ Kg7 40.Qc2 Qxc2
41.Rxc2 Kf6 42.Rc5 Ke7 43.Ne5 Ra6 44.Rxa5 Rxa5 45.Nc6+ Kd6 46.Nxa5 Kc5 47.
Nb7+ Kd4 48.Nd8 1-0

[Event "30th olm final"]
[Site "Manila"]
[Date "1992.06.11"]
[Round "4.4"]
[White "Borge, Nikolaj"]
[Black "Oblitas Guerrero, Carlomagno"]
[Result "0-1"]
[WhiteElo "2335"]
[BlackElo "2425"]
[EventDate "1992.06.08"]
[WhiteTeam "Denmark"]
[BlackTeam "Peru"]
[PlyCount "80"]

1.e4 c5 2.Nf3 g6 3.d4 cxd4 4.Nxd4 Bg7 5.Be3 Nf6 6.Nc3 O-O 7.Bc4 Nc6 8.Bb3
a5 9.f3 d5 10.Bxd5 Nxd5 11.exd5 Nb4 12.Nde2 e6 13.dxe6 Bxe6 14.a3 Nd5 15.
Bd4 Nxc3 16.bxc3 Re8 17.Kf2 Qc7 18.Rb1 Bxd4+ 19.cxd4 Rac8 20.c3 Bc4 21.Ng3
Bd5 22.Rc1 Qe7 23.Qd2 Qxa3 24.h4 b5 25.h5 Qe7 26.Nf1 Rc6 27.Ne3 Re6 28.
Rce1 Qd8 29.hxg6 fxg6 30.Ng4 Rxe1 31.Rxe1 Rxe1 32.Qxe1 h5 33.Ne3 Bf7 34.
Qa1 b4 35.c4 b3 36.c5 Qb8 37.Qc3 b2 38.c6 b1=Q 39.c7 Q1b2+ 40.Qxb2 Qxb2+
0-1

[Event "30th olm final"]
[Site "Manila"]
[Date "1992.06.12"]
[Round "5.2"]
[White "Olsen, Heini"]
[Black "Hoi, Carsten"]
[Result "1-0"]
[WhiteElo "2245"]
[BlackElo "2430"]
[EventDate "1992.06.08"]
[WhiteTeam "Faroe Islands"]
[BlackTeam "Denmark"]
[PlyCount "171"]

1.d4 g6 2.c4 Bg7 3.Nf3 d6 4.Nc3 Nf6 5.e4 O-O 6.Be2 c5 7.O-O cxd4 8.Nxd4
Nc6 9.Be3 Nxd4 10.Bxd4 Bd7 11.Qd2 Bc6 12.Bf3 a5 13.Rfe1 Nd7 14.Bxg7 Kxg7
15.Re3 Qb6 16.Rae1 a4 17.Bd1 h6 18.Kh1 Qb4 19.b3 axb3 20.axb3 e5 21.Rh3
Rh8 22.Bc2 Rad8 23.f4 Nf6 24.Rf3 Rhf8 25.Ref1 exf4 26.Qxf4 Nd7 27.Rh3 h5
28.Rxh5 f6 29.Qh6+ Kf7 30.Qh7+ Ke8 31.Qxg6+ Rf7 32.Rh8+ Ke7 33.Rxd8 Qxc3
34.Qg8 Nf8 35.Rxd6 Qxc2 36.Rdxf6 Rxf6 37.Qg7+ Ke8 38.Qxf6 Nd7 39.Qe6+ Kd8
40.Qg8+ Kc7 41.Qg3+ Kc8 42.e5 Nc5 43.h3 Ne4 44.Qg7 Kb8 45.e6 Nd6 46.Rf8+
Ne8 47.Qg3+ Kc8 48.e7 Kd7 49.Rf2 Qe4 50.Rd2+ Kxe7 51.Rd1 Kf7 52.Re1 Qf5
53.Kh2 Nf6 54.Re5 Qc2 55.Rg5 Qe2 56.Qc7+ Ke6 57.Rg7 Kf5 58.Qg3 Ke6 59.Rg5
Kf7 60.Rg7+ Ke6 61.Qc7 Nd7 62.Rg6+ Ke7 63.Qd6+ Kf7 64.Rg5 Nf6 65.Qc7+ Nd7
66.Qf4+ Nf6 67.b4 Bd7 68.b5 b6 69.Re5 Qc2 70.Rd5 Be6 71.Rd4 Qc3 72.Qc7+
Nd7 73.Rxd7+ Bxd7 74.Qxd7+ Kf8 75.Qc7 Ke8 76.Qxb6 Qe5+ 77.Kh1 Qe1+ 78.Qg1
Qe4 79.Qc1 Kd7 80.c5 Kc8 81.Qd1 Qe3 82.Qd6 Qf2 83.b6 Kb7 84.Qc7+ Ka6 85.b7
Qb2 86.Qb6+ 1-0

[Event "30th olm final"]
[Site "Manila"]
[Date "1992.06.12"]
[Round "5.3"]
[White "Rasmussen, Karsten"]
[Black "Hansen, Jens Christian"]
[Result "1-0"]
[WhiteElo "2450"]
[BlackElo "2245"]
[EventDate "1992.06.08"]
[WhiteTeam "Denmark"]
[BlackTeam "Faroe Islands"]
[PlyCount "73"]

1.c4 e5 2.g3 Nc6 3.Bg2 g6 4.Nc3 Bg7 5.e3 f5 6.Nge2 Nf6 7.O-O O-O 8.d3 Kh8
9.Rb1 a5 10.a3 Ne7 11.f4 d6 12.b4 axb4 13.axb4 Rb8 14.Bb2 exf4 15.Nxf4 Nc6
16.b5 Ne5 17.Qe2 Neg4 18.h3 Nh6 19.Ncd5 b6 20.Nb4 Qe8 21.Na6 Bxa6 22.bxa6
c6 23.Bd4 g5 24.a7 Rc8 25.Bxf6 Bxf6 26.Nh5 Bd4 27.Rfe1 Bc3 28.Rec1 Bd4 29.
Re1 Bc3 30.Rf1 Bd4 31.Kf2 Ng4+ 32.hxg4 fxg4+ 33.Ke1 Bc3+ 34.Kd1 Rxf1+ 35.
Qxf1 d5 36.Qf5 Rd8 37.Nf6 1-0

[Event "30th olm final"]
[Site "Manila"]
[Date "1992.06.12"]
[Round "5.4"]
[White "Thomsen, Torbjoern"]
[Black "Danielsen, Henrik"]
[Result "1/2-1/2"]
[WhiteElo "2215"]
[BlackElo "2390"]
[EventDate "1992.06.08"]
[WhiteTeam "Faroe Islands"]
[BlackTeam "Denmark"]
[PlyCount "140"]

1.e4 c6 2.d4 d5 3.Nc3 dxe4 4.Nxe4 Bf5 5.Ng3 Bg6 6.Nf3 Nd7 7.Bd3 Bxd3 8.
Qxd3 e6 9.O-O Ngf6 10.Re1 Be7 11.Bg5 O-O 12.Ne4 Qb6 13.Nxf6+ Nxf6 14.Qb3
Rfd8 15.c3 Rd5 16.Re5 Rd7 17.Rae1 Rad8 18.h3 Kf8 19.Qc2 Kg8 20.Qb3 h6 21.
Bc1 Kf8 22.Qc2 Kg8 23.Qb3 Bd6 24.R5e2 Bc7 25.Qc2 Qa5 26.a3 b5 27.Nd2 Bb8
28.Ne4 Nd5 29.g3 Bd6 30.Qd3 Bf8 31.Qf3 Qc7 32.b4 a5 33.g4 Be7 34.g5 hxg5
35.Nxg5 Bxg5 36.Bxg5 Ra8 37.Bc1 axb4 38.axb4 Ra1 39.Kh1 Qd8 40.Rg1 Rda7
41.Re5 Qf6 42.Qg3 R1a2 43.Rh5 Ra8 44.Rg2 Ra1 45.Rg1 g6 46.Rh6 R1a2 47.Rg2
Ra1 48.Rg1 R1a2 49.Rg2 Ra1 50.Rg1 Qg7 51.Bg5 Rxg1+ 52.Kxg1 f6 53.Qd6 fxg5
54.Qxe6+ Qf7 55.Rh8+ Kg7 56.Rh7+ Kxh7 57.Qxf7+ Kh6 58.Qb7 Ra3 59.Qxc6 Nxc3
60.Kg2 Ne2 61.Qf6 Nf4+ 62.Kh2 Rxh3+ 63.Kg1 Kh5 64.d5 Nxd5 65.Qh8+ Kg4 66.
Qe5 Nf4 67.Qxb5 Rb3 68.Qd7+ Kh4 69.b5 Rb1+ 70.Kh2 Rb2 1/2-1/2

[Event "30th olm final"]
[Site "Manila"]
[Date "1992.06.14"]
[Round "6.1"]
[White "Lodhi, Mahmood"]
[Black "Mortensen, Erling"]
[Result "1-0"]
[WhiteElo "2425"]
[BlackElo "2430"]
[EventDate "1992.06.08"]
[WhiteTeam "Pakistan"]
[BlackTeam "Denmark"]
[PlyCount "81"]

1.d4 Nf6 2.Nf3 g6 3.c4 Bg7 4.Nc3 O-O 5.e4 d6 6.Be2 e5 7.Be3 Ng4 8.Bg5 f6
9.Bh4 g5 10.Bg3 Nh6 11.dxe5 dxe5 12.Qxd8 Rxd8 13.Nd5 Na6 14.O-O-O Be6 15.
h4 g4 16.Nh2 c6 17.Nc3 Bf8 18.Rxd8 Rxd8 19.Rd1 Re8 20.f3 gxf3 21.gxf3 Bc5
22.Kc2 Nb4+ 23.Kb1 a5 24.f4 Bd4 25.Nf3 Nf5 26.Bh2 Ne3 27.Rg1+ Kf8 28.fxe5
fxe5 29.Nxd4 exd4 30.Bd6+ Re7 31.a3 Na6 32.Nd1 Nxc4 33.Bxe7+ Kxe7 34.Rg7+
Kd6 35.Nf2 Nc5 36.Rxh7 Ke5 37.Nd3+ Nxd3 38.Bxd3 b5 39.h5 Nd2+ 40.Kc2 Nxe4
41.h6 1-0

[Event "30th olm final"]
[Site "Manila"]
[Date "1992.06.15"]
[Round "7.1"]
[White "Kakageldiev, Amanmurad"]
[Black "Schandorff, Lars"]
[Result "1-0"]
[WhiteElo "2350"]
[BlackElo "2435"]
[EventDate "1992.06.08"]
[WhiteTeam "Turkmenistan"]
[BlackTeam "Denmark"]
[PlyCount "155"]

1.d4 Nf6 2.c4 g6 3.Nc3 Bg7 4.e4 d6 5.f4 O-O 6.Nf3 Na6 7.Bd3 e5 8.fxe5 dxe5
9.d5 Qe7 10.O-O h6 11.a3 Nc5 12.Bc2 a5 13.Kh1 Ne8 14.Be3 Na6 15.Qd2 Kh7
16.b4 Nd6 17.Qe2 b6 18.c5 bxc5 19.bxc5 Nb7 20.c6 Nd6 21.Nb5 f5 22.Nd2 f4
23.Bg1 Nxb5 24.Qxb5 g5 25.Nc4 g4 26.d6 cxd6 27.Nb6 Nc7 28.Qe2 f3 29.gxf3
gxf3 30.Qe3 Rb8 31.Nxc8 Rbxc8 32.Rxf3 Ne6 33.Rxf8 Qxf8 34.Ba4 Nd4 35.Rc1
Rc7 36.Qd3 Kh8 37.Bxd4 exd4 38.Rf1 Qe8 39.Qf3 Qe5 40.Qf5 Qe8 41.Qd5 Be5
42.Qxa5 Rg7 43.Qd2 Qg6 44.Bc2 Kh7 45.Qf2 Rc7 46.Rg1 Qe6 47.Qf3 d3 48.Qxd3
Rxc6 49.Bb3 Qf6 50.Qh3 Rc7 51.Bg8+ Kh8 52.Bd5 Bf4 53.Qh5 Re7 54.Rf1 Qg5
55.Qf3 Rg7 56.Be6 h5 57.Bh3 Rf7 58.a4 Kg7 59.Bf5 Be3 60.Re1 Bd4 61.Rd1 Bc5
62.Qc3+ Qf6 63.Qg3+ Kh6 64.a5 Qg5 65.a6 h4 66.Qxg5+ Kxg5 67.Kg2 Ra7 68.Bc8
Ra8 69.Rd5+ Kg6 70.Bb7 Rf8 71.e5 Rd8 72.exd6 Bb6 73.d7 Kf7 74.Bc8 Ke7 75.
Re5+ Kd6 76.Re8 Kc7 77.Kh3 Bf2 78.Kg4 1-0

[Event "30th olm final"]
[Site "Manila"]
[Date "1992.06.15"]
[Round "7.2"]
[White "Rasmussen, Karsten"]
[Black "Annageldiev, Orazly"]
[Result "0-1"]
[WhiteElo "2450"]
[BlackElo "2420"]
[EventDate "1992.06.08"]
[WhiteTeam "Denmark"]
[BlackTeam "Turkmenistan"]
[PlyCount "80"]

1.c4 c5 2.g3 Nf6 3.Bg2 g6 4.Nc3 Bg7 5.e3 O-O 6.Nge2 d6 7.O-O Nc6 8.b3 Bf5
9.h3 Qd7 10.g4 Bd3 11.Bb2 h5 12.f3 e5 13.Rf2 e4 14.g5 Nh7 15.f4 Rae8 16.
Nc1 Nb4 17.a3 Bc2 18.Qf1 Nd3 19.Nxd3 Bxd3 20.Qd1 f6 21.gxf6 Bxf6 22.Bf1
Bh4 23.Rg2 Ng5 24.fxg5 Rxf1+ 25.Qxf1 Bxf1 26.Rxf1 Rf8 27.Rxf8+ Kxf8 28.
Nxe4 Qxh3 29.Nxd6 Qe6 30.Nb5 a6 31.Nc7 Qb6 32.Be5 Qxb3 33.Ne6+ Kg8 34.Nxc5
Qxc4 35.Nd7 Qd3 36.Nf6+ Kf7 37.Bc3 Qf5 38.Nxh5 gxh5 39.g6+ Kg8 40.g7 Bf6
0-1

[Event "30th olm final"]
[Site "Manila"]
[Date "1992.06.16"]
[Round "8.1"]
[White "Mortensen, Erling"]
[Black "Hulak, Krunoslav"]
[Result "0-1"]
[WhiteElo "2430"]
[BlackElo "2515"]
[EventDate "1992.06.08"]
[WhiteTeam "Denmark"]
[BlackTeam "Croatia"]
[PlyCount "92"]

1.e4 c5 2.Nf3 e6 3.d4 cxd4 4.Nxd4 Nf6 5.Nc3 d6 6.g4 Nc6 7.g5 Nd7 8.h4 Be7
9.Bg2 O-O 10.O-O a6 11.b3 Re8 12.Bb2 Bf8 13.Nde2 Nde5 14.Qe1 b5 15.Kh1 Bb7
16.f4 Nd7 17.Ng3 Rc8 18.Qd2 Qc7 19.a4 bxa4 20.Nxa4 Nc5 21.Nh5 Ne7 22.Nxc5
Qxc5 23.c4 Ng6 24.Bd4 Qc7 25.Qf2 Qd7 26.Rad1 e5 27.fxe5 dxe5 28.Be3 Qe6
29.Kh2 Rc7 30.Bh3 Qc6 31.Rd5 Bc8 32.Bxc8 Rexc8 33.Rfd1 Qe6 34.Kg3 Rb7 35.
R1d3 Rcb8 36.Qa2 Be7 37.Bc5 h6 38.Bxe7 Nxe7 39.Rd6 Rxb3 40.Rd8+ Kh7 41.
Qxb3 Rxb3 42.Rxb3 Kg6 43.Nxg7 Kxg7 44.Rb7 hxg5 45.h5 Ng8 46.Rdd7 Qxc4 0-1

[Event "30th olm final"]
[Site "Manila"]
[Date "1992.06.16"]
[Round "8.4"]
[White "Cvitan, Ognjen"]
[Black "Borge, Nikolaj"]
[Result "1-0"]
[WhiteElo "2505"]
[BlackElo "2335"]
[EventDate "1992.06.08"]
[WhiteTeam "Croatia"]
[BlackTeam "Denmark"]
[PlyCount "67"]

1.Nf3 f5 2.g3 Nf6 3.Bg2 d6 4.d4 g6 5.O-O Bg7 6.c4 O-O 7.Nc3 Qe8 8.d5 Na6
9.Rb1 Bd7 10.b4 c5 11.dxc6 bxc6 12.a3 h6 13.Bb2 g5 14.c5 dxc5 15.Ne5 Rd8
16.Nxd7 Qxd7 17.Qa4 cxb4 18.Qxa6 bxc3 19.Bxc3 Qe6 20.Rb7 Ne4 21.Bxg7 Kxg7
22.Qxa7 Rf7 23.Qe3 Ra8 24.f3 Qc8 25.Rfb1 Nf6 26.Rxe7 Qa6 27.Bh3 g4 28.fxg4
fxg4 29.Rf1 Qxa3 30.Rxf7+ Kxf7 31.Qxh6 Qc5+ 32.e3 Qe5 33.Bxg4 Ra1 34.Qh5+
1-0

[Event "30th olm final"]
[Site "Manila"]
[Date "1992.06.17"]
[Round "9.2"]
[White "Schandorff, Lars"]
[Black "Morris, Charles"]
[Result "1-0"]
[WhiteElo "2435"]
[BlackElo "2225"]
[EventDate "1992.06.08"]
[WhiteTeam "Denmark"]
[BlackTeam "Wales"]
[PlyCount "117"]

1.d4 d5 2.c4 e6 3.Nc3 c5 4.cxd5 exd5 5.Nf3 Nc6 6.g3 Nf6 7.Bg2 Be7 8.O-O
O-O 9.Bg5 cxd4 10.Nxd4 h6 11.Bf4 Bg4 12.h3 Be6 13.Rc1 Qd7 14.Kh2 Rac8 15.
Nxc6 bxc6 16.Be5 c5 17.Bxf6 Bxf6 18.Bxd5 Bxc3 19.Bxe6 Qxe6 20.Rxc3 Qxa2
21.Qc2 Rfe8 22.Rd1 Qe6 23.Rd2 c4 24.e3 Rc5 25.Rd4 Rec8 26.Qd2 R8c6 27.Rc1
Rb5 28.Rd8+ Kh7 29.Qc2+ Qg6 30.Rd7 Rcb6 31.Qxg6+ fxg6 32.Rxc4 Rxb2 33.Rf4
Rb7 34.Rxb7 Rxb7 35.Ra4 g5 36.Ra6 Kg8 37.Kg2 Re7 38.Kf3 Kf8 39.e4 Ke8 40.
Ke3 Kd8 41.f4 gxf4+ 42.gxf4 Rb7 43.f5 Ke7 44.Kf4 Kf7 45.h4 Rc7 46.h5 Rb7
47.Ra4 Kf6 48.e5+ Kf7 49.Ke4 Ke7 50.Kd4 Kf7 51.Kc5 Ke7 52.Ra6 Ke8 53.Re6+
Kf7 54.Rc6 Ke7 55.Rc8 a6 56.Kc6 Rb5 57.Rc7+ Kd8 58.Kd6 Ra5 59.Rxg7 1-0

[Event "30th olm final"]
[Site "Manila"]
[Date "1992.06.17"]
[Round "9.3"]
[White "James, David"]
[Black "Rasmussen, Karsten"]
[Result "1/2-1/2"]
[WhiteElo "2275"]
[BlackElo "2450"]
[EventDate "1992.06.08"]
[WhiteTeam "Wales"]
[BlackTeam "Denmark"]
[PlyCount "38"]

1.d4 d5 2.c4 e6 3.cxd5 exd5 4.Nc3 c6 5.Qc2 Bd6 6.Nf3 Ne7 7.Bg5 f6 8.Bh4
Bf5 9.Qd2 Na6 10.e3 Qb6 11.Bg3 Nc8 12.Nh4 Be6 13.Bd3 g6 14.a3 O-O 15.O-O
Bxg3 16.hxg3 Nd6 17.Qc2 Bf7 18.Na4 Qc7 19.Bxa6 bxa6 1/2-1/2

[Event "30th olm final"]
[Site "Manila"]
[Date "1992.06.17"]
[Round "9.4"]
[White "Danielsen, Henrik"]
[Black "Richmond, Peter"]
[Result "1-0"]
[WhiteElo "2390"]
[BlackElo "2210"]
[EventDate "1992.06.08"]
[WhiteTeam "Denmark"]
[BlackTeam "Wales"]
[PlyCount "131"]

1.d4 Nf6 2.Nf3 e6 3.c4 d5 4.Nc3 Be7 5.Bg5 Nbd7 6.e3 O-O 7.Qc2 c5 8.cxd5
Nxd5 9.Bxe7 Qxe7 10.Nxd5 exd5 11.Bd3 cxd4 12.Nxd4 g6 13.O-O Ne5 14.Rac1
Be6 15.Be2 Rfc8 16.Qd2 Nc4 17.Qc3 Ne5 18.Qb3 b6 19.Ba6 Rc5 20.Rc3 Qd6 21.
Rfc1 Rd8 22.h3 Nd7 23.Qa3 Nb8 24.Bb5 Rxc3 25.Rxc3 Qxa3 26.Rxa3 a5 27.Nxe6
fxe6 28.Rc3 Nd7 29.Bxd7 Rxd7 30.Rc6 d4 31.exd4 Rxd4 32.Rxb6 Rd1+ 33.Kh2
Rd2 34.Kg3 Kf7 35.Kf3 h5 36.a4 Kf6 37.Rb5 g5 38.g3 h4 39.gxh4 gxh4 40.b3
e5 41.Rxa5 Rd3+ 42.Kg4 Rxb3 43.Rb5 Ra3 44.Rb6+ Ke7 45.Rb4 Kd6 46.f4 exf4
47.Rxf4 Ke5 48.Rb4 Rg3+ 49.Kxh4 Rg8 50.a5 Kd6 51.a6 Kc6 52.a7 Ra8 53.Ra4
Kb7 54.Kg5 Rg8+ 55.Kf6 Ra8 56.h4 Rc8 57.h5 Rc6+ 58.Kg5 Rc5+ 59.Kg4 Rc6 60.
Ra5 Rc8 61.h6 Rg8+ 62.Kh5 Rh8 63.Kg6 Rg8+ 64.Kf7 Rc8 65.Ra6 Rc7+ 66.Kg6
1-0

[Event "30th olm final"]
[Site "Manila"]
[Date "1992.06.18"]
[Round "10.1"]
[White "Mortensen, Erling"]
[Black "Kortschnoj, Viktor"]
[Result "1/2-1/2"]
[WhiteElo "2430"]
[BlackElo "2585"]
[EventDate "1992.06.08"]
[WhiteTeam "Denmark"]
[BlackTeam "Switzerland"]
[PlyCount "63"]

1.e4 c6 2.d4 d5 3.exd5 cxd5 4.c4 Nf6 5.Nc3 e6 6.Nf3 Bb4 7.cxd5 Nxd5 8.Qb3
Nc6 9.Bd3 Bd7 10.O-O Na5 11.Qc2 Rc8 12.Bd2 Bxc3 13.Bxc3 b5 14.Bxa5 Qxa5
15.Qb3 f6 16.Be4 Nb6 17.d5 e5 18.Nh4 Nc4 19.Bf5 Bxf5 20.Nxf5 g6 21.Nh6 Kf8
22.Qh3 Kg7 23.b3 Nd6 24.Qd7+ Kxh6 25.Qxd6 Qb6 26.Qb4 Qc5 27.Qd2+ Kg7 28.
Rac1 Qd6 29.Qe3 Qxd5 30.Qxa7+ Qf7 31.Qxf7+ Kxf7 32.a4 1/2-1/2

[Event "30th olm final"]
[Site "Manila"]
[Date "1992.06.18"]
[Round "10.2"]
[White "Brunner, Lucas"]
[Black "Schandorff, Lars"]
[Result "1-0"]
[WhiteElo "2500"]
[BlackElo "2435"]
[EventDate "1992.06.08"]
[WhiteTeam "Switzerland"]
[BlackTeam "Denmark"]
[PlyCount "73"]

1.e4 e5 2.Nf3 Nc6 3.Bb5 a6 4.Bxc6 dxc6 5.O-O f6 6.d4 Bg4 7.dxe5 Qxd1 8.
Rxd1 fxe5 9.Rd3 Bd6 10.b3 Nf6 11.Nbd2 O-O-O 12.Bb2 Rhe8 13.Re1 b5 14.g3
Bb4 15.Ree3 Bc5 16.Re2 Rxd3 17.cxd3 Rd8 18.h3 Bxh3 19.Nxe5 Bg4 20.Ndf3
Bxf3 21.Nxf3 Rxd3 22.Kg2 Be7 23.Nd4 Ba3 24.Bxa3 Rxd4 25.e5 Nd5 26.Bb2 Rg4
27.Kh3 Rg6 28.f4 h5 29.f5 Rg5 30.f6 Kd8 31.f7 Ke7 32.Rf2 Kf8 33.e6 Ne7 34.
Rd2 Ng6 35.Rd8+ Ke7 36.Re8+ Kd6 37.e7 1-0

[Event "30th olm final"]
[Site "Manila"]
[Date "1992.06.18"]
[Round "10.3"]
[White "Rasmussen, Karsten"]
[Black "Franzoni, Giancarlo"]
[Result "0-1"]
[WhiteElo "2450"]
[BlackElo "2440"]
[EventDate "1992.06.08"]
[WhiteTeam "Denmark"]
[BlackTeam "Switzerland"]
[PlyCount "154"]

1.c4 e6 2.Nf3 Nf6 3.g3 d5 4.b3 Be7 5.Bg2 O-O 6.O-O c5 7.e3 Nc6 8.Bb2 dxc4
9.bxc4 Qc7 10.Nc3 a6 11.Rc1 Rd8 12.d4 Na5 13.Ne5 Nd7 14.Qe2 cxd4 15.exd4
Nxe5 16.dxe5 Bd7 17.Ne4 Bc6 18.c5 Bxe4 19.Bxe4 Rac8 20.Qc2 g6 21.h4 Qxc5
22.Qe2 Qb5 23.Bd3 Qa4 24.h5 Rxc1 25.Bxc1 Nc6 26.Bb2 Qxa2 27.Bc4 Nd4 28.
Bxd4 Qxe2 29.Bxe2 Rxd4 30.Rc1 b5 31.Rc6 Re4 32.Kf1 Rxe5 33.hxg6 hxg6 34.
Rxa6 b4 35.Rb6 Ra5 36.Bc4 Ra3 37.Rb8+ Kg7 38.Rb7 Kf6 39.Ke2 Rc3 40.Bd3 g5
41.f3 Bd6 42.g4 Rb3 43.Rb5 Be5 44.Be4 Rb2+ 45.Kd3 Bc3 46.Kc4 Rd2 47.Kb3
Rd7 48.Kc2 Ra7 49.Kd3 Rc7 50.Ke2 Rd7 51.Ke3 Bd2+ 52.Ke2 Rd4 53.Kd1 Bf4+
54.Kc2 Bd6 55.Kb3 Be7 56.Rb7 Rd8 57.Kc4 Rc8+ 58.Kb3 Rc3+ 59.Kb2 Bd6 60.Rb5
Be5 61.Ka2 Ra3+ 62.Kb1 b3 63.Kc1 b2+ 64.Kd2 Bf4+ 65.Kc2 Bc1 66.Kd1 Ra1 67.
Ke2 Ke7 68.Rb6 Kd7 69.Rb5 Kd6 70.Kd1 Bf4+ 71.Ke2 Be5 72.Kd2 Rc1 73.Rb6+
Kc5 74.Rb7 Bc3+ 75.Ke2 Re1+ 76.Kf2 Rxe4 77.fxe4 Bb4 0-1

[Event "30th olm final"]
[Site "Manila"]
[Date "1992.06.18"]
[Round "10.4"]
[White "Costa, Jean Luc"]
[Black "Danielsen, Henrik"]
[Result "0-1"]
[WhiteElo "2425"]
[BlackElo "2390"]
[EventDate "1992.06.08"]
[WhiteTeam "Switzerland"]
[BlackTeam "Denmark"]
[PlyCount "120"]

1.d4 Nf6 2.c4 e6 3.Nc3 Bb4 4.Bd2 O-O 5.Nf3 b6 6.e3 Bb7 7.Bd3 d6 8.O-O Nbd7
9.Re1 Bxc3 10.Bxc3 Ne4 11.Bxe4 Bxe4 12.Nd2 Bb7 13.e4 e5 14.Qg4 Qe7 15.Nf1
exd4 16.Bxd4 Ne5 17.Qg3 f6 18.b3 Qf7 19.f3 Qg6 20.Ne3 Rf7 21.Red1 Re8 22.
Rac1 Bc8 23.Nd5 Nc6 24.Bc3 Kf8 25.Qxg6 hxg6 26.h4 Kg8 27.Re1 Nd8 28.Rcd1
Ne6 29.g4 Rd7 30.Kf2 Kf7 31.Kg3 Bb7 32.Rh1 Rh8 33.Rh2 Rh7 34.Bb2 Rh8 35.b4
Rdd8 36.f4 Rd7 37.f5 Nf8 38.Rdd2 Ba6 39.b5 Bb7 40.g5 Bxd5 41.cxd5 Rh5 42.
gxf6 gxf6 43.fxg6+ Kxg6 44.Rdf2 Rf7 45.Rh1 Nd7 46.Rhf1 f5 47.Rf4 Nc5 48.
exf5+ Rhxf5 49.Bd4 Rxf4 50.Rxf4 Rf5 51.Rg4+ Kh5 52.Bxc5 dxc5 53.Rg7 Rxd5
54.Rh7+ Kg6 55.Rxc7 Re5 56.Kg4 Re4+ 57.Kf3 Ra4 58.a3 Rxa3+ 59.Ke4 Ra5 60.
Rxa7 Rxa7 0-1

[Event "30th olm final"]
[Site "Manila"]
[Date "1992.06.20"]
[Round "11.2"]
[White "Geenen, Marc"]
[Black "Hoi, Carsten"]
[Result "1/2-1/2"]
[WhiteElo "2340"]
[BlackElo "2430"]
[EventDate "1992.06.08"]
[WhiteTeam "Belgium"]
[BlackTeam "Denmark"]
[PlyCount "69"]

1.e4 Nc6 2.d4 e5 3.Nf3 exd4 4.Nxd4 g6 5.Nc3 Bg7 6.Be3 d6 7.Qd2 Nf6 8.Bb5
Bd7 9.Bxc6 bxc6 10.Bh6 O-O 11.Bxg7 Kxg7 12.O-O-O Re8 13.f3 Qb8 14.g4 Qb4
15.h4 Rab8 16.b3 h5 17.g5 Ng8 18.Nde2 a5 19.Qd4+ Qxd4 20.Nxd4 Ne7 21.Nde2
c5 22.Nf4 Bc6 23.Rhe1 a4 24.Ncd5 Bxd5 25.Nxd5 axb3 26.axb3 Nxd5 27.Rxd5
Rb4 28.Kb2 f6 29.Rg1 Re6 30.gxf6+ Kxf6 31.c4 Rb8 32.Ra1 Re5 33.Rd2 g5 34.
Rg2 Rg8 35.Rag1 1/2-1/2

[Event "30th olm final"]
[Site "Manila"]
[Date "1992.06.20"]
[Round "11.4"]
[White "Bolzoni, Victor Angel"]
[Black "Borge, Nikolaj"]
[Result "1-0"]
[WhiteElo "2300"]
[BlackElo "2335"]
[EventDate "1992.06.08"]
[WhiteTeam "Belgium"]
[BlackTeam "Denmark"]
[PlyCount "51"]

1.e4 c5 2.Nf3 d6 3.d4 cxd4 4.Nxd4 Nf6 5.Nc3 g6 6.Be3 Bg7 7.f3 O-O 8.Qd2
Nc6 9.Bc4 Bd7 10.O-O-O Ne5 11.Bb3 Rc8 12.h4 Nc4 13.Bxc4 Rxc4 14.h5 Nxh5
15.g4 Nf6 16.b3 Rc8 17.Nd5 e5 18.Nxf6+ Bxf6 19.Qh2 Re8 20.Qxh7+ Kf8 21.
Bh6+ Ke7 22.g5 Bh8 23.Nf5+ Bxf5 24.exf5 Rg8 25.f6+ Ke6 26.Bf8 1-0

[Event "30th olm final"]
[Site "Manila"]
[Date "1992.06.21"]
[Round "12.1"]
[White "Robatsch, Karl"]
[Black "Mortensen, Erling"]
[Result "0-1"]
[WhiteElo "2410"]
[BlackElo "2430"]
[EventDate "1992.06.08"]
[WhiteTeam "Austria"]
[BlackTeam "Denmark"]
[PlyCount "84"]

1.Nf3 Nf6 2.c4 g6 3.Nc3 Bg7 4.e4 d6 5.d4 O-O 6.Be3 e5 7.dxe5 dxe5 8.Qc2
Nbd7 9.Rd1 Re8 10.Be2 c6 11.Nd2 Qe7 12.Nb3 h5 13.O-O Ng4 14.Bxg4 hxg4 15.
Ne2 Nf8 16.Ng3 Ne6 17.Rd2 c5 18.Nc1 Nd4 19.Bxd4 cxd4 20.Re2 Be6 21.Nd3 a5
22.a4 Qc7 23.b3 Bh6 24.Ree1 Kg7 25.Qe2 Rh8 26.Rb1 Bf4 27.Rfe1 Qe7 28.Nxf4
exf4 29.Nf1 Qc5 30.Rbd1 Qe5 31.Rd3 Rad8 32.f3 gxf3 33.Qxf3 g5 34.Red1 Rd7
35.h3 f5 36.exf5 Bxf5 37.R3d2 d3 38.Rc1 Re8 39.Qh5 Bg6 40.Qg4 Qc5+ 41.Kh2
Rde7 42.Qf3 Re2 0-1

[Event "30th olm final"]
[Site "Manila"]
[Date "1992.06.21"]
[Round "12.2"]
[White "Hoi, Carsten"]
[Black "Wittmann, Walter"]
[Result "1/2-1/2"]
[WhiteElo "2430"]
[BlackElo "2380"]
[EventDate "1992.06.08"]
[WhiteTeam "Denmark"]
[BlackTeam "Austria"]
[PlyCount "63"]

1.d4 Nf6 2.c4 g6 3.Nc3 Bg7 4.e4 d6 5.f3 O-O 6.Be3 a6 7.Qd2 b6 8.O-O-O c5
9.Nge2 Nc6 10.h4 Na5 11.Ng3 cxd4 12.Bxd4 b5 13.h5 Be6 14.Nf5 Bxc4 15.Nxg7
Bxa2 16.Qh6 Nb3+ 17.Kc2 Nxd4+ 18.Rxd4 Qb6 19.hxg6 fxg6 20.Rd2 Rac8 21.e5
dxe5 22.Bd3 Rf7 23.Qh3 e6 24.Ne8 Nxe8 25.Bxg6 Nf6 26.Bxf7+ Kxf7 27.Rhd1
Rc7 28.Qh6 b4 29.Rd8 Qc5 30.R1d6 Qf2+ 31.Rd2 Qc5 32.R2d6 1/2-1/2